000 00571nam a2200193 a 4500
001 1769935627573
003 YourLibrary
005 20260201143129.0
008 260201s2004##################000#0#eng##
020 _a9783540203278
082 0 4 _a332.109496
_bMAT
100 1 _aMatthäus-Maier, Ingrid,
_eauthor.
245 1 0 _aThe Development of the Financial Sector in Southeast Europe :
260 _bSpringer Science & Business Media,
_c2004.
300 _a268 pages
650 0 _aBusiness & Economics.
942 _cENGLISH
040 _aYourLibrary
_beng
_cYourLibrary
999 _c609686
_d609686